Πατήστε τις Περιφερειακές Ενότητες της Ελλάδας - Ξαφνικός Θάνατος - Statistics

General Stats
  • This quiz has been taken 17 times
  • The average score is 16 of 75
Answers on the Map
Answers color-coded by a green-red scale on the quiz's map according to % correct below.
 
Answer Stats
Answer % Correct
Αγίου Όρους
44%
Αιτωλίας-Ακαρνανίας
44%
Λευκάδας
44%
Βοιωτίας
33%
Δράμας
33%
Ζακύνθου
33%
Λάρισας
33%
Λακωνίας
33%
Μαγνησίας
33%
Μεσσηνίας
33%
Ροδόπης
33%
Σποράδων
33%
Χαλκιδικής
33%
Άνδρου
22%
Άρτας
22%
Ανατολικής Αττικής
22%
Αχαΐας
22%
Ευβοίας
22%
Ευρυτανίας
22%
Ηλείας
22%
Ηρακλείου
22%
Θάσου
22%
Θήρας
22%
Ιθάκης
22%
Κέας-Κύθνου
22%
Καβάλας
22%
Καρδίτσας
22%
Καρπάθου-Κάσου
22%
Κεντρικού Τομέα Αθηνών
22%
Κιλκίς
22%
Κοζάνης
22%
Κορινθίας
22%
Λέσβου
22%
Λήμνου
22%
Λασιθίου
22%
Μυκόνου
22%
Νοτίου Τομέα Αθηνών
22%
Ξάνθης
22%
Πάρου
22%
Πειραιώς
22%
Πιερίας
22%
Ρόδου
22%
Σάμου
22%
Σερρών
22%
Τήνου
22%
Τρικάλων
22%
Φλώρινας
22%
Φωκίδας
22%
Χίου
22%
Χανίων
22%
Αργολίδας
11%
Αρκαδίας
11%
Βορείου Τομέα Αθηνών
11%
Γρεβενών
11%
Δυτικής Αττικής
11%
Δυτικού Τομέα Αθηνών
11%
Έβρου
11%
Ημαθίας
11%
Θεσπρωτίας
11%
Θεσσαλονίκης
11%
Ικαρίας
11%
Ιωαννίνων
11%
Κέρκυρας
11%
Καλύμνου
11%
Καστοριάς
11%
Κεφαλληνίας
11%
Κω
11%
Μήλου
11%
Νάξου
11%
Νήσων
11%
Πέλλας
11%
Πρέβεζας
11%
Ρεθύμνης
11%
Σύρου
11%
Φθιώτιδας
11%
No matching quizzes found
Score Distribution
Percent of People with Each Score
Percentile by Number Answered
Your Score History
You have not taken this quiz